[Event "Turkey Cup 2020"]
[Site "Antalya-Belek"]
[Date "2020.01.27"]
[Round "2.37"]
[White "Temel, Burcu Melis"]
[Black "Erdogan, Anil Berk"]
[Result "0-1"]
[WhiteElo "1752"]
[BlackElo "2147"]
[Annotator "TA"]
[PlyCount "62"]
[EventDate "2020.01.26"]
[EventType "swiss"]
[EventCountry "TUR"]
[SourceTitle "playchess.com"]
[Source "ChessBase"]
[SourceQuality "1"]

1. Nf3 c5 2. b3 Nc6 3. Bb2 d6 4. g3 e5 5. d3 f5 6. Nbd2 Nf6 7. Bg2 g6 8. O-O Bg7 9. e4 O-O 10. Re1 f4 11. gxf4 Nh5 12. f5 Nf4 13. Nc4 gxf5 14. Ne3 fxe4 15. dxe4 Nd4 16. c3 Nxg2 17. cxd4 Nxe1 18. Nxe1 cxd4 19. N3g2 Qf6 20. f4 Bh3 21. Qf3 Bxg2 22. Nxg2 Bh6 23. f5 Kh8 24. Bc1 Rac8 25. Bxh6 Qxh6 26. Rf1 Rc2 27. f6 Rg8 28. f7 Rgxg2+ 29. Qxg2 Rxg2+ 30. Kxg2 Qf8 31. Rf5 Kg7 0-1

[Event "Turkey Cup 2020"]
[Site "Antalya-Belek"]
[Date "2020.01.27"]
[Round "2.38"]
[White "Kesgin, Halit Kaan"]
[Black "Aydogdu, Cagatay"]
[Result "1/2-1/2"]
[WhiteElo "2061"]
[BlackElo "1803"]
[Annotator "NA"]
[PlyCount "94"]
[EventDate "2020.01.26"]
[EventType "swiss"]
[EventCountry "TUR"]
[SourceTitle "playchess.com"]
[Source "ChessBase"]
[SourceQuality "1"]

1. e4 c5 2. Nf3 d6 3. d4 cxd4 4. Qxd4 Nc6 5. Bb5 Bd7 6. Bxc6 bxc6 7. Nc3 e5 8. Qd3 h6 9. O-O Nf6 10. Nd2 Be7 11. Nc4 Be6 12. Rd1 Bxc4 13. Qxc4 Qc8 14. b3 O-O 15. Qe2 Ne8 16. Ba3 f5 17. exf5 Qxf5 18. Ne4 Qe6 19. Qa6 Rf4 20. g3 d5 21. Qb7 Rxe4 22. Bxe7 Qc8 23. Qxc8 Rxc8 24. Re1 Rxe1+ 25. Rxe1 e4 26. Rd1 Rc7 27. Bc5 Nf6 28. c4 Kf7 29. cxd5 cxd5 30. b4 Ke6 31. a4 Nd7 32. Be3 Ne5 33. b5 Rc4 34. Bxa7 Rxa4 35. Bc5 Nd7 36. Bd4 g6 37. Be3 g5 38. h4 gxh4 39. gxh4 h5 40. Rb1 d4 41. Bg5 Nc5 42. Rc1 Nb3 43. Rc6+ Kd7 44. Rh6 Rb4 45. Rh7+ Kc8 46. Rh8+ Kb7 47. Rh7+ Kc8 1/2-1/2

[Event "Turkey Cup 2020"]
[Site "Antalya-Belek"]
[Date "2020.01.27"]
[Round "2.39"]
[White "Camdereli, Gunduz"]
[Black "Demirbag, Alihan"]
[Result "1/2-1/2"]
[WhiteElo "1763"]
[BlackElo "2104"]
[Annotator "TA"]
[PlyCount "136"]
[EventDate "2020.01.26"]
[EventType "swiss"]
[EventCountry "TUR"]
[SourceTitle "playchess.com"]
[Source "ChessBase"]
[SourceQuality "1"]

1. e4 d6 2. d4 Nf6 3. Nc3 e5 4. dxe5 dxe5 5. Qxd8+ Kxd8 6. Bc4 Be6 7. Bxe6 fxe6 8. Be3 Bd6 9. Nh3 Ke7 10. f3 a6 11. Nf2 Nbd7 12. a4 Rhd8 13. Ke2 c5 14. a5 Rac8 15. Na4 c4 16. Rhd1 Bb4 17. Nb6 Nxb6 18. Bxb6 Rxd1 19. Nxd1 Nd7 20. Ra4 Bd6 21. Bf2 Rc6 22. c3 Bc7 23. Ne3 Nc5 24. Rxc4 Nb3 25. Rxc6 bxc6 26. Nc4 Nxa5 27. Nxa5 Bxa5 28. Kd3 g6 29. Kc4 Kd6 30. Bc5+ Kd7 31. Ba7 Kc8 32. Be3 Kc7 33. b4 Bb6 34. Bxb6+ Kxb6 35. g3 g5 36. g4 h6 37. h3 Kb7 38. Kc5 Kc7 39. c4 Kb7 40. Kd6 Kb6 41. Kxe6 c5 42. Kd6 cxb4 43. c5+ Ka5 44. c6 b3 45. c7 b2 46. c8=Q b1=Q 47. Kxe5 Qf1 48. Qc3+ Kb5 49. Kf6 Qxh3 50. e5 h5 51. gxh5 Qxh5 52. Qd3+ Kc5 53. e6 Qh6+ 54. Kf7 Qh5+ 55. Kg7 g4 56. fxg4 Qxg4+ 57. Kf6 Qh4+ 58. Kf7 Qf4+ 59. Ke8 Qa4+ 60. Qd7 Qg4 61. Qc7+ Kd5 62. Qb7+ Kd6 63. Qxa6+ Ke5 64. e7 Qg8+ 65. Kd7 Qd5+ 66. Kc7 Qc5+ 67. Kd8 Qd5+ 68. Kc8 Qc5+ 1/2-1/2

[Event "Turkey Cup 2020"]
[Site "Antalya-Belek"]
[Date "2020.01.27"]
[Round "2.40"]
[White "Ozdemir, Serhan Berat"]
[Black "Baylav, Bartu"]
[Result "1-0"]
[WhiteElo "2139"]
[BlackElo "1777"]
[Annotator "TA"]
[PlyCount "107"]
[EventDate "2020.01.26"]
[EventType "swiss"]
[EventCountry "TUR"]
[SourceTitle "playchess.com"]
[Source "ChessBase"]
[SourceQuality "1"]

1. e4 c5 2. Nf3 d6 3. d4 cxd4 4. Nxd4 Nf6 5. Nc3 a6 6. f3 e5 7. Nb3 Be6 8. Be3 h5 9. Qd2 Nbd7 10. Nd5 Bxd5 11. exd5 b6 12. c4 g6 13. Be2 Bg7 14. O-O O-O 15. Rac1 a5 16. Na1 Ne8 17. Nc2 f5 18. f4 Nc5 19. Rcd1 Nf6 20. Qc1 Nfe4 21. Na3 Rc8 22. Nb5 Rf7 23. Bf3 Kh7 24. b3 Rb7 25. fxe5 dxe5 26. Qc2 Kh8 27. d6 Rd7 28. Bxc5 Nxc5 29. Bd5 e4 30. a3 Qe8 31. b4 axb4 32. axb4 Nd3 33. Rxd3 exd3 34. Qxd3 Qe5 35. Qd2 Rxd6 36. Re1 Rxd5 37. cxd5 Qb2 38. Qxb2 Bxb2 39. d6 Bf6 40. d7 Rd8 41. Re8+ Kg7 42. Rxd8 Bxd8 43. Nd4 Kf6 44. Nc6 Ke6 45. Nxd8+ Kxd7 46. Nf7 Ke6 47. Ng5+ Kd5 48. Nf3 Kc4 49. Ne5+ Kxb4 50. Nxg6 Kc3 51. Kf2 b5 52. Ne7 Kc4 53. Nxf5 b4 54. Ke2 1-0

[Event "Turkey Cup 2020"]
[Site "Antalya-Belek"]
[Date "2020.01.27"]
[Round "2.41"]
[White "Demir, Hilmi Mustafa"]
[Black "Tepe, Efe Can"]
[Result "0-1"]
[WhiteElo "1806"]
[BlackElo "2137"]
[Annotator "TA"]
[PlyCount "64"]
[EventDate "2020.01.26"]
[EventType "swiss"]
[EventCountry "TUR"]
[SourceTitle "playchess.com"]
[Source "ChessBase"]
[SourceQuality "1"]

1. e4 c5 2. Nc3 g6 3. d4 cxd4 4. Qxd4 Nf6 5. Nf3 Nc6 6. Qa4 d6 7. e5 Ng4 8. exd6 Bg7 9. h3 Nge5 10. Nxe5 Bxe5 11. dxe7 Qxe7 12. Be3 Be6 13. Bb5 O-O 14. O-O Rfc8 15. Rfe1 a6 16. Bxc6 Rxc6 17. Bf4 Bg7 18. Rad1 Rac8 19. Qe4 Rc4 20. Qe3 Qb4 21. Bh6 Qxb2 22. Nd5 Bxh6 23. Qxh6 Bxd5 24. Rxd5 Rxc2 25. Rde5 Rc1 26. Re8+ Rxe8 27. Qxc1 Rxe1+ 28. Qxe1 Qxa2 29. Qe5 Qb1+ 30. Kh2 Qb6 31. Qe8+ Kg7 32. f4 Qd4 0-1

[Event "Turkey Cup 2020"]
[Site "Antalya-Belek"]
[Date "2020.01.27"]
[Round "2.42"]
[White "Gulbeyaz, Emir"]
[Black "Yenil, Mucahit"]
[Result "1-0"]
[WhiteElo "2121"]
[BlackElo "1757"]
[Annotator "TA"]
[PlyCount "69"]
[EventDate "2020.01.26"]
[EventType "swiss"]
[EventCountry "TUR"]
[SourceTitle "playchess.com"]
[Source "ChessBase"]
[SourceQuality "1"]

1. d4 Nf6 2. Bf4 d6 3. Nc3 Nbd7 4. Nf3 c5 5. d5 a6 6. a4 g6 7. e4 Bg7 8. Be2 O-O 9. O-O Nh5 10. Bg5 h6 11. Be3 Qa5 12. Nd2 f5 13. exf5 Qb4 14. Nc4 gxf5 15. Bd2 Nf4 16. Nb1 Bxb2 17. Ra2 Qxc4 18. Bxc4 Be5 19. g3 Nh3+ 20. Kg2 f4 21. f3 Kh8 22. Kxh3 Nb6+ 23. Kg2 Nxc4 24. Qe2 fxg3 25. Qxc4 gxh2 26. f4 Rg8+ 27. Kxh2 Rg4 28. Ra3 Bd7 29. Rg3 Rxg3 30. Kxg3 Rg8+ 31. Kf2 Bd4+ 32. Be3 Bf6 33. Rh1 Bf5 34. Nd2 Rg6 35. Nf3 1-0

[Event "Turkey Cup 2020"]
[Site "Antalya-Belek"]
[Date "2020.01.27"]
[Round "2.43"]
[White "Erdal, Emre"]
[Black "Karaoglan, Kivanc"]
[Result "0-1"]
[WhiteElo "1833"]
[BlackElo "2123"]
[Annotator "RC"]
[PlyCount "58"]
[EventDate "2020.01.26"]
[EventType "swiss"]
[EventCountry "TUR"]
[SourceTitle "playchess.com"]
[Source "ChessBase"]
[SourceQuality "1"]

1. e4 e6 2. f4 d5 3. e5 Ne7 4. Nf3 Nf5 5. c3 c5 6. Na3 Nc6 7. Nc2 Be7 8. d4 cxd4 9. cxd4 Qb6 10. Bd3 O-O 11. O-O h6 12. g4 Nh4 13. Nxh4 Bxh4 14. g5 hxg5 15. fxg5 Nxe5 16. Be3 Nxd3 17. Qxd3 f6 18. Rf3 Bd7 19. Rh3 fxg5 20. Bxg5 Bf2+ 21. Kh1 Rf5 22. Rf1 Bb5 23. Qxf5 exf5 24. Rxf2 Re8 25. Bf4 Re2 26. Rxe2 Bxe2 27. Rb3 Qa6 28. Na3 Bd1 29. Rb5 Ba4 0-1

[Event "Turkey Cup 2020"]
[Site "Antalya-Belek"]
[Date "2020.01.27"]
[Round "2.44"]
[White "Yelligedik, Murat"]
[Black "Kiziltas, Inanc Vefa"]
[Result "0-1"]
[WhiteElo "2056"]
[BlackElo "1803"]
[Annotator "NA"]
[PlyCount "80"]
[EventDate "2020.01.26"]
[EventType "swiss"]
[EventCountry "TUR"]
[SourceTitle "playchess.com"]
[Source "ChessBase"]
[SourceQuality "1"]

1. d4 Nf6 2. c4 e6 3. Nc3 d5 4. cxd5 exd5 5. Bg5 Be7 6. e3 c6 7. Bd3 Ne4 8. Bxe7 Qxe7 9. Bxe4 dxe4 10. Qc2 Bf5 11. Nge2 Na6 12. a3 O-O 13. Ng3 Bg6 14. h4 h6 15. h5 Bh7 16. b4 Nc7 17. Rb1 Rad8 18. Nge2 Rfe8 19. Nf4 Rxd4 20. exd4 e3 21. Qc1 Bxb1 22. Nxb1 Qe4 23. Rh4 Nd5 24. f3 Qxf4 25. Rxf4 Nxf4 26. Qc2 e2 27. Qe4 Nxg2+ 28. Kxe2 Nf4+ 29. Ke3 Rxe4+ 30. fxe4 Nxh5 31. Nd2 Nf6 32. Nc4 h5 33. Kf4 h4 34. Nd6 g5+ 35. Kf3 g4+ 36. Kf2 h3 37. e5 Nh5 38. Nf5 h2 39. Kg2 g3 40. Nd6 Nf4+ 0-1

[Event "Turkey Cup 2020"]
[Site "Antalya-Belek"]
[Date "2020.01.27"]
[Round "2.45"]
[White "Ozsarilar, Osman Nuri"]
[Black "Kul, Ozdemir Efe"]
[Result "0-1"]
[WhiteElo "1724"]
[BlackElo "1979"]
[Annotator "NA"]
[PlyCount "134"]
[EventDate "2020.01.26"]
[EventType "swiss"]
[EventCountry "TUR"]
[SourceTitle "playchess.com"]
[Source "ChessBase"]
[SourceQuality "1"]

1. e4 g6 2. d4 Bg7 3. Nf3 d6 4. Bd3 Nc6 5. c3 Nf6 6. O-O O-O 7. Nbd2 e5 8. d5 Ne7 9. Re1 Nh5 10. Nf1 h6 11. h3 Qe8 12. g4 Nf6 13. Ng3 Nh7 14. Nh4 Qd8 15. Nf3 f5 16. gxf5 gxf5 17. Nh5 f4 18. Nxg7 Kxg7 19. Kh2 Ng6 20. Rg1 Ng5 21. Bf1 Nxe4 22. Bd3 Ng5 23. Bxg6 Qd7 24. Nxg5 hxg5 25. Rxg5 Qxh3+ 26. Kg1 Kf6 27. Rh5 Qg4+ 28. Qxg4 Bxg4 29. Rh4 Kg5 30. Rxg4+ Kxg4 31. Be4 f3 32. Be3 Rh8 33. Bg6 Raf8 34. Re1 Rf6 35. Bd3 Rh4 36. Bd2 Kh5 37. Be4 Rf7 38. Bxf3+ Rxf3 39. Kg2 Rd3 40. Be3 Rxd5 41. Kf3 e4+ 42. Ke2 c5 43. Rg1 Rg4 44. Rh1+ Kg6 45. Rh8 Kf6 46. Rb8 Rg7 47. c4 Rf5 48. b4 b6 49. a4 Rc7 50. bxc5 bxc5 51. a5 Ke6 52. Re8+ Re7 53. Ra8 Rff7 54. Bg5 Rb7 55. Re8+ Kf5 56. Bh4 Rb2+ 57. Ke3 Rb3+ 58. Ke2 Ra3 59. Bg3 Rf6 60. Rd8 Ra2+ 61. Ke3 Rxa5 62. Bxd6 Ra3+ 63. Ke2 Rd3 64. Be7 Rxd8 65. Bxd8 Rf7 66. f3 Rd7 67. fxe4+ Kxe4 0-1

[Event "Turkey Cup 2020"]
[Site "Antalya-Belek"]
[Date "2020.01.27"]
[Round "2.47"]
[White "Unal, Yusuf Evcim"]
[Black "Seyhanoglu, Deniz"]
[Result "1-0"]
[WhiteElo "1680"]
[BlackElo "2087"]
[Annotator "NA"]
[PlyCount "142"]
[EventDate "2020.01.26"]
[EventType "swiss"]
[EventCountry "TUR"]
[SourceTitle "playchess.com"]
[Source "ChessBase"]
[SourceQuality "1"]

1. d4 d5 2. Bf4 c5 3. e3 Nf6 4. Nd2 Nc6 5. c3 Qb6 6. Qb3 c4 7. Qxb6 axb6 8. a3 b5 9. Rd1 Bf5 10. h3 h6 11. g4 Bh7 12. Bg2 e6 13. Ne2 Be7 14. f3 Bd3 15. e4 Nd7 16. Bg3 Nb6 17. Nf4 Bc2 18. Rc1 Ba4 19. exd5 exd5 20. O-O O-O-O 21. Rfe1 Rhe8 22. Nf1 Bf8 23. Rxe8 Rxe8 24. Kf2 g6 25. Ne3 Rd8 26. Re1 Bb3 27. h4 g5 28. Nh5 Bd6 29. Bxd6 Rxd6 30. Nf5 Re6 31. Rxe6 fxe6 32. Nxh6 gxh4 33. g5 Bc2 34. Bh3 Kd7 35. Nf4 Ne7 36. Nxe6 Ke8 37. f4 Na4 38. f5 Nxb2 39. Ke2 Be4 40. g6 Nxg6 41. fxg6 Bxg6 42. Nc7+ Ke7 43. Nxd5+ Kd6 44. Nf4 Be4 45. Nf5+ Kc6 46. Nxh4 Na4 47. Kd2 Nb6 48. Bg2 Bxg2 49. Nhxg2 Nd7 50. Ne3 Nf6 51. Nf5 Ne4+ 52. Kc2 Kb6 53. Nd5+ Ka5 54. Nc7 Ka4 55. Ne3 Kxa3 56. Nxb5+ Ka4 57. Nc7 b5 58. Ncd5 Ka3 59. Nb4 Nd6 60. Ned5 Ne4 61. Nc7 Nd6 62. Nca6 Ka4 63. Nc5+ Ka3 64. d5 Nf5 65. Ne4 Ne3+ 66. Kd2 Ng4 67. d6 Ne5 68. Nc5 Nf7 69. d7 Nd8 70. Kc2 Nf7 71. Ne6 Ng5 1-0

[Event "Turkey Cup 2020"]
[Site "Antalya-Belek"]
[Date "2020.01.27"]
[Round "2.48"]
[White "Kucuk, Dogan"]
[Black "Demir, Zeki"]
[Result "1/2-1/2"]
[WhiteElo "2005"]
[BlackElo "1703"]
[Annotator "NA"]
[PlyCount "66"]
[EventDate "2020.01.26"]
[EventType "swiss"]
[EventCountry "TUR"]
[SourceTitle "playchess.com"]
[Source "ChessBase"]
[SourceQuality "1"]

1. c4 e6 2. Nc3 d5 3. cxd5 exd5 4. d4 Nf6 5. Bg5 Be7 6. Nf3 c6 7. Qc2 Nbd7 8. e3 Nh5 9. Bxe7 Qxe7 10. Be2 g6 11. O-O Ndf6 12. Bd3 O-O 13. Rab1 Ng7 14. b4 a6 15. a4 Bf5 16. Rfc1 Bxd3 17. Qxd3 Ne4 18. Nd2 Nxd2 19. Qxd2 Nf5 20. b5 axb5 21. axb5 Nd6 22. bxc6 bxc6 23. Ra1 Qb7 24. Na4 Nc4 25. Qc3 Rfb8 26. Nc5 Qc8 27. e4 Rxa1 28. Rxa1 Ra8 29. Rb1 Qg4 30. h3 Qf4 31. exd5 cxd5 32. Ra1 Rxa1+ 33. Qxa1 Kg7 1/2-1/2

[Event "Turkey Cup 2020"]
[Site "Antalya-Belek"]
[Date "2020.01.27"]
[Round "2.49"]
[White "Caglar, Mehmet Halil"]
[Black "Usun, Tolga"]
[Result "0-1"]
[WhiteElo "1670"]
[BlackElo "2021"]
[Annotator "NA"]
[PlyCount "127"]
[EventDate "2020.01.26"]
[EventType "swiss"]
[EventCountry "TUR"]
[SourceTitle "playchess.com"]
[Source "ChessBase"]
[SourceQuality "1"]

1. a3 c5 2. e4 d5 3. exd5 Nf6 4. Bb5+ Nbd7 5. c4 a6 6. Bxd7+ Qxd7 7. a4 e6 8. dxe6 Qxe6+ 9. Qe2 Be7 10. Nc3 O-O 11. Nf3 Rd8 12. O-O Qxe2 13. Nxe2 Bf5 14. Re1 Kf8 15. Ng3 Be6 16. b3 Rd3 17. Ra3 Rad8 18. a5 Nd7 19. Re3 Nb8 20. Bb2 Nc6 21. Bc3 Bg4 22. Rxd3 Rxd3 23. Ne1 Rd7 24. f3 Be6 25. Ne2 f6 26. Ra2 g5 27. Nc2 Bf5 28. Ne3 Bb1 29. Rb2 Bd3 30. Nc1 Bg6 31. Nd5 Kf7 32. d3 Bd8 33. Rd2 Bxa5 34. Bxa5 Nxa5 35. b4 cxb4 36. Rb2 Nc6 37. Nxb4 Ne5 38. Kf2 a5 39. Nd5 Bxd3 40. Rb6 Bxc4 41. Nxf6 Rd1 42. Nxh7 Rxc1 43. Nxg5+ Kg7 44. Rxb7+ Nf7 45. Ra7 Ra1 46. Ke3 a4 47. Kd4 Bb3 48. h4 Kg6 49. Ne4 Nh6 50. g4 Nf7 51. Nc5 Rd1+ 52. Kc3 Rc1+ 53. Kb4 Rc4+ 54. Kb5 Nd6+ 55. Kc6 Ne8 56. Kb5 Nd6+ 57. Kc6 Rd4 58. Rd7 Nb5 59. h5+ Kh6 60. Rb7 Bd5+ 61. Kxb5 Bxb7 62. Nxa4 Bc6+ 63. Kxc6 Rxa4 64. Kd6 0-1

[Event "Turkey Cup 2020"]
[Site "Antalya-Belek"]
[Date "2020.01.27"]
[Round "2.50"]
[White "Ozguner, Hakki Ata"]
[Black "Can, Isik"]
[Result "1-0"]
[WhiteElo "2077"]
[BlackElo "2374"]
[Annotator "TA"]
[PlyCount "85"]
[EventDate "2020.01.26"]
[EventType "swiss"]
[EventCountry "TUR"]
[SourceTitle "playchess.com"]
[Source "ChessBase"]
[SourceQuality "1"]

1. d4 d5 2. Bf4 Nf6 3. e3 c5 4. c3 Nc6 5. Nd2 cxd4 6. exd4 g6 7. Ngf3 Bg7 8. Bd3 O-O 9. O-O Nh5 10. Be3 f6 11. c4 f5 12. Nb3 Kh8 13. cxd5 Qxd5 14. Rc1 f4 15. Bc4 Qd6 16. Bd2 Bg4 17. Bc3 b6 18. Re1 Rad8 19. h3 Bxf3 20. Qxf3 Nxd4 21. Nxd4 Bxd4 22. Bxd4+ Qxd4 23. Rxe7 Qxb2 24. Rce1 Qd4 25. Bb3 Rd7 26. Re8 Rd8 27. R8e7 Rd7 28. Re8 Rd8 29. Rxf8+ Rxf8 30. Rd1 Qf6 31. Rd7 a5 32. Qb7 Ng7 33. Qd5 Nf5 34. Qb7 Ng7 35. Qd5 Nf5 36. Rc7 Qd4 37. Qb7 Ng7 38. Rf7 Re8 39. Qe7 h5 40. Rf8+ Rxf8 41. Qxf8+ Kh7 42. h4 g5 43. Bc2+ 1-0

[Event "Turkey Cup 2020"]
[Site "Antalya-Belek"]
[Date "2020.01.27"]
[Round "2.51"]
[White "Caliskan, Seha"]
[Black "Mecit, Emre"]
[Result "0-1"]
[WhiteElo "1673"]
[BlackElo "2019"]
[Annotator "NA"]
[PlyCount "118"]
[EventDate "2020.01.26"]
[EventType "swiss"]
[EventCountry "TUR"]
[SourceTitle "playchess.com"]
[Source "ChessBase"]
[SourceQuality "1"]

1. d4 Nf6 2. c4 c5 3. d5 b5 4. cxb5 a6 5. e3 Bb7 6. Nc3 axb5 7. Bxb5 Qa5 8. Bd2 Qb6 9. Nf3 Nxd5 10. a4 e6 11. O-O Be7 12. e4 Nxc3 13. Bxc3 Bxe4 14. Nd2 Bd5 15. Qg4 Rg8 16. Nc4 Bxc4 17. Bxc4 Nc6 18. Rfd1 d5 19. Bb5 Kf8 20. Qf4 Nd4 21. Bxd4 cxd4 22. Rac1 Bd6 23. Qh4 Qd8 24. Qxd4 Ke7 25. Re1 Rc8 26. Rxc8 Qxc8 27. Qxd5 Rd8 28. Qg5+ Kf8 29. Rc1 Qb8 30. g3 h6 31. Qh4 Be5 32. Qe4 g6 33. b3 h5 34. Qh4 Kg7 35. Qe7 Bd6 36. Qg5 Be5 37. Rc6 Bf6 38. Qe3 h4 39. Qe2 Rd5 40. Bc4 Re5 41. Qd2 hxg3 42. hxg3 Qa8 43. Qd7 Re1+ 44. Bf1 Ba1 45. Rc7 Qf3 46. a5 Be5 47. Qc6 Qd3 48. Qc4 Rxf1+ 49. Kg2 Qxc4 50. Rxc4 Ra1 51. Rc5 Bd4 52. Rb5 Ra2 53. b4 Rxf2+ 54. Kh3 Ra2 55. Rb7 Ra4 56. Kg2 Bc3 57. b5 Rxa5 58. b6 Rb5 59. Rb8 Be5 0-1

[Event "Turkey Cup 2020"]
[Site "Antalya-Belek"]
[Date "2020.01.27"]
[Round "2.52"]
[White "Kilic, Eray"]
[Black "Yildirim, Ibrahim Halil"]
[Result "1-0"]
[WhiteElo "2069"]
[BlackElo "1794"]
[Annotator "NA"]
[PlyCount "100"]
[EventDate "2020.01.26"]
[EventType "swiss"]
[EventCountry "TUR"]
[SourceTitle "playchess.com"]
[Source "ChessBase"]
[SourceQuality "1"]

1. e4 e5 2. Nf3 Nc6 3. Bb5 a6 4. Ba4 Nf6 5. O-O Be7 6. Re1 b5 7. Bb3 d6 8. c3 Na5 9. Bc2 c5 10. d4 Qc7 11. h3 O-O 12. Nbd2 Re8 13. Nf1 h6 14. b3 Bf8 15. d5 g6 16. Be3 Bd7 17. Qd2 Kh7 18. Ng3 Nb7 19. Nh4 a5 20. f4 exf4 21. Bxf4 c4 22. Be3 cxb3 23. axb3 Bg7 24. Bd4 Ng8 25. Rf1 Re7 26. Rf3 Bxd4+ 27. cxd4 Rc8 28. Raf1 Kg7 29. Bd3 Nd8 30. Qf2 Qb6 31. Kh1 Rc3 32. Ne2 Rxb3 33. Nf4 Be8 34. Qg3 Kh8 35. e5 dxe5 36. dxe5 Qd4 37. e6 g5 38. exf7 Rxf7 39. Nhg6+ Kg7 40. Ne5 Re7 41. Nfg6 Bxg6 42. Nxg6 Rf7 43. Rxf7+ Nxf7 44. Rxf7+ Kxf7 45. Qc7+ Ne7 46. Qxe7+ Kg8 47. Bf5 Rb1+ 48. Bxb1 Qd1+ 49. Kh2 Qxb1 50. Qf8+ Kh7 1-0

[Event "Turkey Cup 2020"]
[Site "Antalya-Belek"]
[Date "2020.01.27"]
[Round "2.52"]
[White "Kilic, Eray"]
[Black "Yildirim, Ibrahim Halil"]
[Result "*"]
[WhiteElo "2069"]
[BlackElo "1794"]
[Annotator "NA"]
[PlyCount "40"]
[EventDate "2020.01.26"]
[EventType "swiss"]
[EventCountry "TUR"]
[SourceTitle "playchess.com"]
[Source "ChessBase"]
[SourceQuality "1"]

1. e4 e5 2. Nf3 Nc6 3. Bb5 a6 4. Ba4 Nf6 5. O-O Be7 6. Re1 b5 7. Bb3 d6 8. c3 Na5 9. Bc2 c5 10. d4 Qc7 11. h3 O-O 12. Nbd2 Re8 13. Nf1 h6 14. b3 Bf8 15. d5 g6 16. Be3 Bd7 17. Qd2 Kh7 18. Ng3 Nb7 19. Nh4 a5 20. f4 c4 *

[Event "Turkey Cup 2020"]
[Site "Antalya-Belek"]
[Date "2020.01.27"]
[Round "2.53"]
[White "Araboga, Nizamettin"]
[Black "Caglar, Ahmet Ata"]
[Result "1/2-1/2"]
[WhiteElo "1710"]
[BlackElo "2065"]
[Annotator "NA"]
[PlyCount "53"]
[EventDate "2020.01.26"]
[EventType "swiss"]
[EventCountry "TUR"]
[SourceTitle "playchess.com"]
[Source "ChessBase"]
[SourceQuality "1"]

1. Nf3 Nf6 2. g3 d5 3. d4 c5 4. c3 Nc6 5. Bg2 Bf5 6. Bg5 Qb6 7. b3 cxd4 8. Nxd4 Nxd4 9. Qxd4 Qxd4 10. cxd4 e6 11. O-O Ne4 12. Bxe4 dxe4 13. Rc1 f6 14. Bf4 g5 15. Be3 Kd7 16. Nd2 Ba3 17. Rc2 b5 18. Nb1 Bd6 19. a4 a6 20. Rca2 Rac8 21. axb5 axb5 22. Ra7+ Rc7 23. Nc3 Rb8 24. R1a6 Rbb7 25. Rxb7 Rxb7 26. Kg2 Bg6 27. g4 1/2-1/2

[Event "Turkey Cup 2020"]
[Site "Antalya-Belek"]
[Date "2020.01.27"]
[Round "2.54"]
[White "Koc, Ilkay"]
[Black "Ozata, Doruk"]
[Result "1-0"]
[WhiteElo "2007"]
[BlackElo "1699"]
[Annotator "NA"]
[PlyCount "79"]
[EventDate "2020.01.26"]
[EventType "swiss"]
[EventCountry "TUR"]
[SourceTitle "playchess.com"]
[Source "ChessBase"]
[SourceQuality "1"]

1. d4 Nf6 2. c4 g6 3. g3 Bg7 4. Bg2 d6 5. e4 O-O 6. Ne2 e5 7. O-O Nbd7 8. Nbc3 exd4 9. Nxd4 a5 10. b3 Nc5 11. Bb2 Re8 12. Re1 Bg4 13. Qc2 Qc8 14. a3 Na6 15. Nde2 Nh5 16. Nd5 Qd8 17. Bxg7 Kxg7 18. Nef4 Nxf4 19. Qc3+ f6 20. gxf4 c6 21. Ne3 Be6 22. Rad1 Qc7 23. Nf1 Bf7 24. Ng3 Re7 25. h4 Rae8 26. h5 h6 27. Qd4 Rd8 28. e5 fxe5 29. fxe5 Kh7 30. Be4 Re6 31. f4 Nc5 32. Bc2 Rg8 33. f5 Nxb3 34. hxg6+ Bxg6 35. fxg6+ Kh8 36. Qh4 Qg7 37. Rxd6 Rxd6 38. exd6 Nd2 39. Kg2 Rf8 40. Re7 1-0

[Event "Turkey Cup 2020"]
[Site "Antalya-Belek"]
[Date "2020.01.27"]
[Round "2.56"]
[White "Koksal, Recep"]
[Black "Buke, Furkan"]
[Result "0-1"]
[WhiteElo "1709"]
[BlackElo "2041"]
[Annotator "NA"]
[PlyCount "80"]
[EventDate "2020.01.26"]
[EventType "swiss"]
[EventCountry "TUR"]
[SourceTitle "playchess.com"]
[Source "ChessBase"]
[SourceQuality "1"]

1. Nf3 c5 2. g3 g6 3. Bg2 Bg7 4. O-O Nc6 5. c4 e6 6. Nc3 Nge7 7. d3 O-O 8. Bg5 d6 9. Qd2 Qd7 10. Bh3 b6 11. Bh6 Bb7 12. Bxg7 Kxg7 13. d4 cxd4 14. Nxd4 Nxd4 15. Qxd4+ f6 16. Rad1 Rad8 17. Qd3 Qc6 18. e4 f5 19. f3 Kg8 20. Rfe1 Qc5+ 21. Qd4 Qxd4+ 22. Rxd4 Nc6 23. Rdd1 Ne5 24. Bg2 Nxc4 25. b3 Na3 26. exf5 exf5 27. Re6 Rc8 28. Ne2 d5 29. f4 Nb5 30. Re7 Rc7 31. Rxc7 Nxc7 32. Nd4 Rd8 33. Rc1 Rd7 34. Kf2 Na6 35. Rc2 Nc5 36. Bf1 Re7 37. b4 Ne4+ 38. Kg2 Nf6 39. Bd3 Re3 40. Rd2 Ng4 0-1

[Event "Turkey Cup 2020"]
[Site "Antalya-Belek"]
[Date "2020.01.27"]
[Round "2.57"]
[White "Makaraci, Tunahan"]
[Black "Polat, Ahmet Eren"]
[Result "1-0"]
[WhiteElo "2029"]
[BlackElo "1641"]
[Annotator "NA"]
[PlyCount "55"]
[EventDate "2020.01.26"]
[EventType "swiss"]
[EventCountry "TUR"]
[SourceTitle "playchess.com"]
[Source "ChessBase"]
[SourceQuality "1"]

1. e4 d6 2. d4 Nf6 3. Nc3 e5 4. Nge2 Be7 5. g3 Nbd7 6. Bg2 c6 7. a4 a5 8. O-O O-O 9. h3 Re8 10. Be3 Bf8 11. g4 exd4 12. Bxd4 Nc5 13. Ng3 Nfd7 14. f4 Nb6 15. b3 Be7 16. Qd2 f6 17. Qf2 Nbd7 18. Rad1 Ne6 19. Nf5 g6 20. Nxe7+ Qxe7 21. Rfe1 Nec5 22. Bf1 b6 23. Bc4+ Kf8 24. e5 d5 25. exf6 Qd8 26. Qh4 Ne6 27. Qh6+ Kf7 28. Qxh7+ 1-0

[Event "Turkey Cup 2020"]
[Site "Antalya-Belek"]
[Date "2020.01.27"]
[Round "2.58"]
[White "Hazinedaroglu, Gokay"]
[Black "Demircin, Kasim"]
[Result "0-1"]
[WhiteElo "1510"]
[BlackElo "1915"]
[Annotator "NA"]
[PlyCount "67"]
[EventDate "2020.01.26"]
[EventType "swiss"]
[EventCountry "TUR"]
[SourceTitle "playchess.com"]
[Source "ChessBase"]
[SourceQuality "1"]

1. d4 Nf6 2. Nf3 d5 3. Bg5 e6 4. Nbd2 Be7 5. e3 O-O 6. Bd3 c5 7. c3 Nc6 8. O-O b6 9. Qe2 Bb7 10. Rfd1 h6 11. Bh4 Nh5 12. Bxe7 Qxe7 13. Ne5 Nxe5 14. dxe5 g6 15. Qg4 Rad8 16. Nf3 Ng7 17. Rd2 d4 18. exd4 Bxf3 19. Qxf3 cxd4 20. c4 Qg5 21. Re2 Nf5 22. Re4 h5 23. Rae1 Rd7 24. b3 Rfd8 25. Rf4 Qe7 26. g4 hxg4 27. Qxg4 Nh6 28. Qh3 Kg7 29. Rh4 Qg5+ 30. Kh1 Rh8 31. f4 Qd8 32. Kg1 a5 33. a4 Qe7 34. Qg3 0-1

[Event "Turkey Cup 2020"]
[Site "Antalya-Belek"]
[Date "2020.01.27"]
[Round "2.59"]
[White "Okus, Melih"]
[Black "Erdal, Kerem"]
[Result "1-0"]
[WhiteElo "1933"]
[BlackElo "1691"]
[Annotator "NA"]
[PlyCount "79"]
[EventDate "2020.01.26"]
[EventType "swiss"]
[EventCountry "TUR"]
[SourceTitle "playchess.com"]
[Source "ChessBase"]
[SourceQuality "1"]

1. b3 e5 2. Bb2 Nc6 3. c4 Nf6 4. Nc3 Bc5 5. e3 a5 6. Na4 Be7 7. Nf3 e4 8. Nd4 Nxd4 9. Bxd4 O-O 10. Qc2 d6 11. Rc1 Re8 12. Nc3 Bf5 13. f3 Qd7 14. f4 Nh5 15. Be2 Bg4 16. Qd1 Bh4+ 17. Kf1 f5 18. Nd5 Rf8 19. Bxg4 fxg4 20. g3 Bf6 21. Nxf6+ Nxf6 22. Kg2 a4 23. b4 b5 24. a3 Rac8 25. Qc2 Qf5 26. cxb5 Qxb5 27. Qc4+ Qxc4 28. Rxc4 Nd5 29. Rhc1 Rb8 30. Kf2 Rf5 31. d3 Re8 32. dxe4 Rxe4 33. Ke2 Rh5 34. Kd3 Re7 35. R1c2 Nb6 36. Rxc7 Rxc7 37. Rxc7 Nd5 38. Rxg7+ Kf8 39. Rg5 Kf7 40. Ke4 1-0